| 000 | 00879nam a2200217 a 4500 | ||
|---|---|---|---|
| 999 |
_c6345 _d6345 |
||
| 001 | 6345 | ||
| 003 | BD-JhCC | ||
| 005 | 20180310175618.0 | ||
| 008 | 180121s1982 b ||||| |||| 00| 0 ben d | ||
| 035 | _a(BD-JhCC) | ||
| 040 |
_aBD-JhCC _dBD-JhCC |
||
| 041 | _aben | ||
| 082 |
_a892.709 _bUDD 1982 |
||
| 100 | _a উদ্দীন, মুহন্মদ মূছলেহ ,আবূ তাহির | ||
| 245 |
_aআরবী সাহিত্যের ইতিহাস : _bহিজরী ১৩২ = খ্রীস্টাব্দ ৭৫০ পর্যন্ত / _cআবূ তাহির মুহন্মদ মূছলেহ উদ্দীন |
||
| 260 |
_aঢাকা : _bইসলামী ফাউণ্ডেশন বাংলাদেশ, _c১৯৮২ |
||
| 300 |
_a265 p. : _c24cm. |
||
| 650 | _aAribic Lierature | ||
| 942 |
_2ddc _cBK |
||